Úsilie o európsky štandard v realitnej činnosti na Slovensku. Realitná kancelária IURIS smeruje svoje aktivity výrazne do investičnej činnosti.
Počiatky a rozvoj činnosti realitnej kancelárie Iuris, s.r.o. a jej dcérskej firmy I.B. Iuris, s.r.o., ktorá prevzala predaj a nákup nehnuteľností. Investičná činnosť kancelárie Iuris orientovaná na kúpu, rekonštrukciu a predaj, resp. prenájom objektov, výstavba rodinných domov. Financovanie investi...
Gespeichert in:
| 1. Verfasser: | |
|---|---|
| Format: | Buchkapitel |
| Sprache: | Slowakisch |
| Schlagworte: | |
| Tags: |
Keine Tags, Fügen Sie das erste Tag hinzu!
|
MARC
| LEADER | 00000naa a2200000 4500 | ||
|---|---|---|---|
| 001 | r013581 | ||
| 005 | 20221205080745.7 | ||
| 041 | 0 | |a slo | |
| 044 | |a SK | ||
| 245 | 1 | 0 | |a Úsilie o európsky štandard v realitnej činnosti na Slovensku. |b Realitná kancelária IURIS smeruje svoje aktivity výrazne do investičnej činnosti. |c J. Balaščák |
| 520 | |a Počiatky a rozvoj činnosti realitnej kancelárie Iuris, s.r.o. a jej dcérskej firmy I.B. Iuris, s.r.o., ktorá prevzala predaj a nákup nehnuteľností. Investičná činnosť kancelárie Iuris orientovaná na kúpu, rekonštrukciu a predaj, resp. prenájom objektov, výstavba rodinných domov. Financovanie investičnej činnosti, úspešná a korektná spolupráca s bankou. | ||
| 610 | 2 | 0 | |a kancelárie realitné |
| 610 | 2 | 0 | |a Iuris, s.r.o. |
| 610 | 2 | 0 | |a úver bankový |
| 100 | 1 | |a Balaščák, J. | |